Statistics for MLB 2k Covers

Click here to take the quiz!

General Stats

  • This quiz has been taken 1,353 times
  • The average score is 5 of 10

Answer Stats

HintAnswer% Correct
2005Derek Jeter
68%
2006Derek Jeter
68%
2007Derek Jeter
68%
2012Justin Verlander
60%
2013David Price
58%
2011Roy Halladay
44%
2010Evan Longoria
39%
2009Tim Lincecum
33%
2008Jose Reyes
30%
2004Jason Giambi
10%

Score Distribution

Percentile by Number Answered

Percent of People with Each Score

Your Score History

You have not taken this quiz